000 00643cam a22002413a 4500
001 30322
003 PGUSA
005 20140828083644.0
008 091024s2009||||xxu|||||s|||||000 1 eng d
040 _aPGUSA
_beng
042 _adc
050 4 _aPS
100 1 _aGodwin, Tom,
_d1915-1980
245 1 4 _aThe Helpful Hand of God
_h[electronic resource] /
_cTom Godwin
260 _bProject Gutenberg,
_c2009
506 _aPublic domain in the USA.
516 _aElectronic text
653 _aScience fiction
700 1 _aBarberis
830 0 _aProject Gutenberg
_v30322
856 4 0 _uhttp://www.gutenberg.org/ebooks/30322
942 _cEB
999 _c259577
_d259577